000 00296nam a22001337a 4500
008 170209b xxu||||| |||| 00| 0 eng d
020 _a0721672795
041 _aeng
080 _a61
100 _a4
101 _aSHM
245 _aPHYSICAL EXAMINATION OF THE JOINTS
_cPOLLEY .F
942 _2udc
_cBK
999 _c5011
_d5011